000 00443cam a2200145 4500500
005 20251012011335.0
041 _afre
042 _adc
100 1 0 _aN’Diaye, Aïda
_eauthor
245 0 0 _aRoland Barthes
260 _c2015.
500 _a89
786 0 _nPhilosophie magazine | 86 | 2 | 2015-02-01 | p. 76-76 | 1951-1787
856 4 1 _uhttps://shs.cairn.info/magazine-philosophie-magazine-2015-2-page-76?lang=fr&redirect-ssocas=7080
999 _c1522708
_d1522708